000 00357nam a2200133Ia 4500
003 GCL
008 140319s9999 xx 000 0 ara d
040 _aGCL /
_cGCL
082 0 4 _a415.1
_bم ق
245 1 0 _aقطر الندى وبل الصدى
260 _a[S.N] :
_bالمكتبة العصرية للنشر والتوزيع
300 _a352 ص
490 _a
999 _c28100
_d28100